000 00504nam a22001817a 4500
005 20220720165914.0
008 220720b ||||| |||| 00| 0 eng d
040 _cAL
041 _aEnglish
082 _223
_a954.01
_bLALR
100 _aMakkhan Lal
_952059
245 _aReview of the Class VI Textbook of History (Ancient)
260 _aWest Bengal
_bGovt. of West Bengal
_c2002
300 _a56 p.
_bPB
_c24x16 cm.
650 _aHistory
_952060
700 _aLAL (Makkhan)
_952061
942 _2ddc
_cGF
999 _c224054
_d224054